| 000 | 00463nam a22001457a 4500 | ||
|---|---|---|---|
| 008 | 131216b xxu||||| |||| 00| 0 eng d | ||
| 020 | _a0949937088 | ||
| 050 | _aSPC PR9369.2.S37T76 | ||
| 100 |
_aSchreiner, Olive _95789 |
||
| 245 | _aTrooper Peter Halket of Mashonaland | ||
| 260 |
_aJohannesburg _bAd. Donker _c2001 |
||
| 300 |
_a122p. _c20cm |
||
| 650 |
_aZimbabwe - History - Shona revolt. Fiction; Africa, Southern - Fiction _95790 |
||
| 942 |
_2lcc _cMONOGRAPH |
||
| 999 |
_c119287 _d119287 |
||